| 000 | 00736cam a2200241 i 4500 | ||
|---|---|---|---|
| 001 | 000043329 | ||
| 003 | DO-SdBNP | ||
| 005 | 20240131144226.0 | ||
| 007 | ta | ||
| 008 | 810327s2000 dr 000 e spa d | ||
| 040 |
_aDO-SdBNP _bspa _cBNPHU _erda |
||
| 082 | 4 |
_bA996p _222 |
|
| 100 |
_aAzorín, _d1873-1967 _95278 _eautor |
||
| 245 | 1 | 3 |
_aEl político : _bcon un epílogo futurista / _cAzorín. |
| 264 |
_aSanto Domingo : _bCentenario, _c2000. |
||
| 300 |
_a115 páginas ; _c19 cm. |
||
| 336 |
_2rdacontent _atexto _btxt |
||
| 337 |
_2rdamedia _asin mediación _bn |
||
| 338 |
_2rdacarrier _avolumen _bnc |
||
| 500 | _aIncluye datos biografícos del autor en la contracubierta. | ||
| 590 | _aInventariado, 2018/ YL | ||
| 942 |
_2ddc _cLBS1 |
||
| 999 |
_c42818 _d42818 |
||